000 00642nam a22001817a 4500
005 20251108165422.0
008 250721s1970 xx 000 0 ara d
082 1 4 _aم/690.03/م
245 1 0 _aمعجم البناء ,المعجم المنزلي /
264 1 _aالرباط :
_bالمكتب الدائم لتنسيق التعريب في العالم العربي،
_c1970.
300 _a163ص
490 0 _aسلسلة معجم المعاني-15
650 1 7 _aبناء
650 1 7 _aالمعاجم
710 2 _aالمكتب الدائم لتنسيق التعريب في العالم العربي
942 _2ddc
_cREF
999 _c27471
_d27471